000 01422cam a2200349 i 4500
001 768714001
003 CO-MdFUSB
005 20220718102640.0
007 ta
008 831123t2001 miu b 000 0 eng
020 _a0802804888
040 _aDLC
_beng
_dm/c
_dCO-MdFUSB
_dLML
_cCO-MdFUSB
_erda
041 _aeng
082 _223
_a223.207
_bG383
100 _aGerstenberger, Erhard S.
_eautor
245 1 0 _aPsalms. Part 2, and Lamentations
_c/ Erhard S. Gerstenberger
264 1 _aGrand Rapids, Mich. :
_bWilliam B. Eerdmans Pub. Co.,
_c[2001]
264 4 _c©2001
300 _a543 páginas ;
_c23 cm.
336 _atexto
_btxt
_2rdacontent.
337 _asin mediación
_bn
_2rdamedia.
338 _avolumen
_bnc
_2rdacarrier.
490 1 _aThe forms of the Old Testament literature
505 _aUnidades individuales del Libro 2 (Cont.) (Salmos 61-72) -- Unidades individuales del Libro 3 (Salmos 73-89) -- Unidades individuales del Libro 4 (Salmos 90-106) -- Unidades individuales del Libro 5 (Salmos 107-150) -- Introducción al libro de Lamentaciones -- Unidades individuales del libro de Lamentaciones -- Glosario.
563 t _aRústico
630 0 7 _aBiblia.
_pSalmos
_xCrítica, interpretación, etc.
630 0 7 _aBiblia.
_pLamentaciones
_xCrítica, interpretación, etc.
830 _aThe forms of the Old Testament literature
942 _cBK
945 _aJTF-925
999 _c67851
_d67851